1737 1031 1830 1428 1669 1075 1365 1123 1860 1818 1789 1326 1051 1443 1611 1917 1116 1653 1904 1212 1877 1425 1866 1973 1665 1325 1539 1303 1601 1644 1502 1559 1508 1564 1292 1984 1065 1411 1958 1655 1173 1076 1633 1301 1125 1446 1505 1246 1216 1424 1588 1678 1816 1583 1472 1395 1219 1357 1852 1085 1603 1605 1536 1121 1663 1261 1953 1904 1027 1541 1724 1145 1408 1795 1160 1236 1412 1871 1694 1702 1537 1607 1903 1257 1997 1430 1735 1664 1077 1401 1339 2000 1479 1701 1863 1529 1365 1889 1646 BCNSPRNW ULIB Ver.6.0+V

เปลี่ยนเป็นภาษาไทย

Change to English
 แสดงรายละเอียดบรรณานุกรม
  กลับหน้าหลัก

Brief Record : Get Marc (ISO 2709) : E-mail record : QR code < ปิดหน้าต่าง
LEADER : 00000nam 2200000uu 4500
001    13399124795
003     ULIB
008    160324s2015||||th 000 0 eng d
020    ^a9781284048353 (pbk.)
060 04 ^aWY86^bM423n 2015
100 1  ^aMasters, Kathleen
245 10 ^aNursing theories :^ba framework for professional practic /^cKathleen Masters
250    ^a2nd ed.
260    ^aBurlington, Massachusetts :^bJones & Bartlett Learning, ^c[2015]
300    ^axviii, 406 pages ;^c23 cm.
500    ^aIncludes index
504    ^aIncludes bibliographical references and index
650  0 ^aNursing models
650  0 ^aNursing^xPhilosophy
650  2 ^aNursing Theory
650  2 ^aModels, Nursing
945    ^p3780^l0^i000344
999    ^aเกษร โพธิ์สุวรรณ
รายการนี้ยังไม่มีแท็ก
คุณยังไม่ได้ล็อกอิน คุณสามารถมีกิจกรรมร่วมกับเว็บไซต์ได้ แต่ต้องล็อกอินก่อน ::
  ล็อกอิน

รายการสื่อสารสนเทศ

ลำดับที่ ประเภท เลขเรียก/บาร์โค้ด สถานที่ สถานะ
1. Book การพยาบาล
Book การพยาบาล
WY86 M423n 2015 ฉ.1 
  Barcode: 000344
ห้องสมุดวิทยาเขตสวรรค์ประชารักษ์
►หนังสือทั่วไป
บนชั้น

รายการใกล้เคียง
    หัวเรื่อง [Nursing Theory]
    หัวเรื่อง [Models, Nursing]

BibComment


ยังไม่เคยถูกคอมเมนท์

คอมเมนท์ทรัพยากรรายการนี้
  คอมเมนท์: Nursing theories..


 Copyright 2026. Bcnsprnw @Library